| 000 | 00651nam a2200169 i 4500 | ||
|---|---|---|---|
| 001 | 114537 | ||
| 003 | ES-MaACL | ||
| 005 | 20230906190200.0 | ||
| 007 | t| | ||
| 008 | 070308s1909 sp ||||1| spa d | ||
| 110 | 2 |
_aCongreso Escolar Nacional ( _n1º. _d1909. _cValencia) _93182 |
|
| 245 | 1 | 0 | _aResumen de los trabajos del Primer Congreso Escolar Nacional que se celebró en Valencia durante los días 21, 22, 23, 24, 25,26, 27 y 28 de julio de 1909 con motivo de la Exposición Regional. |
| 260 |
_aMadrid : _b[s.n.], _c1909 ( _fImpr. de F. Vives) |
||
| 300 |
_a48 p. ; _c22 cm. |
||
| 852 |
_aES-MaACL _jT-1218-F-6 |
||
| 852 |
_aES-MaACL _jT-1376-F-5 |
||
| 999 |
_c114537 _d114537 |
||